[Event "Êóáîê Ð.Ã.Íåæìåòäèíîâà - ýòàï Êóáêà Ðîñ"]
[Site "Êàçàíü, "]
[Date "2012.09.26"]
[Round "1.3"]
[White "Ãðèãîðüÿíö, Ñåðãåé."]
[Black "Demyanyuk, Àëåêñåé."]
[Result "1-0"]
[WhiteElo "2578"]
[BlackElo "2324"]
[PlyCount "71"]
[EventDate "2013.??.??"]

1. e4 c5 2. Nf3 d6 3. d4 cxd4 4. Nxd4 Nf6 5. Nc3 g6 6. Be3 Bg7 7. f3 Nc6 8. Qd2
O-O 9. Bc4 Bd7 10. O-O-O Ne5 11. Be2 Rc8 12. g4 Nexg4 13. fxg4 Bxg4 14. h3 Bxe2
15. Ndxe2 Qa5 16. Kb1 Rfe8 17. Bd4 Rc6 18. Nd5 Qxd2 19. Nxf6+ exf6 20. Rxd2
Rxe4 21. Nc3 Re6 22. Bxa7 f5 23. Nb5 Re5 24. a4 h5 25. Bd4 Re4 26. Bxg7 Kxg7
27. b3 g5 28. Nxd6 Rf4 29. Nxb7 Rb4 30. Nd6 Kf6 31. Kb2 f4 32. c4 g4 33. hxg4
hxg4 34. Rd5 Rbb6 35. Nb5 f3 36. Kc3 1-0

[Event "Êóáîê Ð.Ã.Íåæìåòäèíîâà - ýòàï Êóáêà Ðîñ"]
[Site "Êàçàíü, "]
[Date "2012.09.26"]
[Round "1.4"]
[White "Ôàéçðàõìàíîâ, Ðàìèëü."]
[Black "Âîëêîâ, Ñåðãåé."]
[Result "1/2-1/2"]
[WhiteElo "2290"]
[BlackElo "2575"]
[PlyCount "109"]
[EventDate "2013.??.??"]

1. d4 d5 2. c4 c6 3. Nf3 Nf6 4. Nc3 a6 5. e3 b5 6. c5 g6 7. Ne5 Bg7 8. f4 a5 9.
Bd3 Bf5 10. Be2 h5 11. O-O Qc7 12. Bd2 Nbd7 13. Be1 h4 14. Rc1 Rb8 15. h3 b4
16. Nb1 Nxe5 17. fxe5 Ne4 18. Nd2 Nxd2 19. Qxd2 f6 20. exf6 Bxf6 21. Bd3 e6 22.
Bf2 O-O 23. Rce1 b3 24. axb3 Rxb3 25. e4 dxe4 26. Bxe4 Qd7 27. Bxf5 exf5 28.
Qh6 Qg7 29. Qxg7+ Kxg7 30. Re6 Rc8 31. Ra1 Kf7 32. Rd6 Rxb2 33. Rd7+ Ke8 34.
Rd6 Be7 35. Rxg6 Kf7 36. Rh6 Bg5 37. Rh7+ Kg6 38. Ra7 Re8 39. Re1 Rxe1+ 40.
Bxe1 Be3+ 41. Kf1 Bxd4 42. Ra6 Kg5 43. Rxc6 Kf4 44. Rc8 Rc2 45. c6 Bb6 46. Bxh4
Ke4 47. Be1 Kd5 48. h4 a4 49. Ra8 Rc4 50. h5 Rf4+ 51. Ke2 Re4+ 52. Kf1 Rf4+ 53.
Ke2 Re4+ 54. Kd1 Rd4+ 55. Ke2 1/2-1/2

[Event "Êóáîê Ð.Ã.Íåæìåòäèíîâà - ýòàï Êóáêà Ðîñ"]
[Site "Êàçàíü, "]
[Date "2012.09.26"]
[Round "1.5"]
[White "Ôðîëüÿíîâ, Äìèòðèé."]
[Black "Øóðàêîâ, Äåíèñ."]
[Result "1-0"]
[WhiteElo "2560"]
[BlackElo "2280"]
[PlyCount "81"]
[EventDate "2013.??.??"]

1. e4 e5 2. Nf3 Nc6 3. Bb5 Nge7 4. O-O g6 5. c3 a6 6. Ba4 Bg7 7. d4 exd4 8.
Nxd4 O-O 9. Bg5 Nxd4 10. cxd4 h6 11. Bh4 d5 12. e5 g5 13. Bg3 Nf5 14. Nc3 c6
15. Qd3 f6 16. Bc2 fxe5 17. Bxe5 Bxe5 18. dxe5 Qe7 19. Ne2 Be6 20. Ng3 Qf7 21.
Rad1 Rad8 22. h3 h5 23. Qe2 Ng7 24. Qd3 Nf5 25. Qe2 Ng7 26. f4 gxf4 27. Rd4
fxg3 28. Rxf7 Rxf7 29. Qe3 Rf2 30. Bg6 Rdf8 31. Qxg3 c5 32. Rh4 Rxb2 33. Qg5
Rb4 34. Rxb4 cxb4 35. Qh6 Rc8 36. Bh7+ Kf8 37. Qf6+ Bf7 38. Bg6 Rc7 39. e6 Nxe6
40. Bxf7 Rxf7 41. Qxe6 1-0

[Event "Êóáîê Ð.Ã.Íåæìåòäèíîâà - ýòàï Êóáêà Ðîñ"]
[Site "Êàçàíü, "]
[Date "2012.09.26"]
[Round "1.7"]
[White "Îíèùóê, Âëàäèìèð."]
[Black "Sadykov, Ðàìèëü."]
[Result "1-0"]
[WhiteElo "2547"]
[BlackElo "2234"]
[PlyCount "167"]
[EventDate "2013.??.??"]

1. Nf3 c5 2. g3 Nf6 3. Bg2 g6 4. O-O Bg7 5. Nc3 Nc6 6. d4 cxd4 7. Nxd4 O-O 8.
Nb3 d6 9. Re1 Be6 10. e4 Rc8 11. Nd5 Re8 12. h3 Nd7 13. c3 Nb6 14. Qe2 Ne5 15.
Be3 Nec4 16. Nxb6 Nxb6 17. Rad1 Nc4 18. Nc5 Nxe3 19. Nxe6 fxe6 20. Qxe3 Qa5 21.
a3 Qc5 22. Qd3 Rf8 23. Re2 b6 24. h4 Rf6 25. e5 dxe5 26. Be4 Bh6 27. Kg2 Kg7
28. a4 Rcf8 29. f3 Rc8 30. Qb5 Be3 31. Rd7 a5 32. Qa6 Rff8 33. Qb7 Kf6 34. Rd3
Bh6 35. Rd7 Rfd8 36. h5 Bg5 37. hxg6 hxg6 38. Bc2 Qc4 39. Re4 Rxd7 40. Qxd7 Qc7
41. Qb5 Rd8 42. Re2 Qc5 43. Qa6 Bc1 44. Bb3 Rd2 45. Rxd2 Bxd2 46. Qa8 Bh6 47.
Qh8+ Bg7 48. Qh4+ Kf7 49. Qg4 Qd6 50. Kh3 e4 51. Qxe4 Qe5 52. Qc4 Qe1 53. Kg2
Qd2+ 54. Kh3 Qh6+ 55. Qh4 Qxh4+ 56. Kxh4 Bh6 57. f4 Kf6 58. Bc2 e5 59. fxe5+
Kxe5 60. Bxg6 Bc1 61. b3 Bd2 62. c4 Kf6 63. Bc2 Ke5 64. Kg4 Be3 65. Kf3 Bc1 66.
Bh7 Bh6 67. Be4 Bc1 68. b4 Ba3 69. c5 bxc5 70. bxa5 c4 71. Bc2 Bc5 72. g4 Kd5
73. g5 Bd4 74. Kf4 Kc5 75. g6 e6 76. Bd1 c3 77. Ke4 Bg7 78. Kd3 Kc6 79. Bb3 Kb7
80. Bxe6 Ka6 81. Bb3 Kxa5 82. Ke4 Bf6 83. Bc2 Bg7 84. Kd5 1-0

[Event "Êóáîê Ð.Ã.Íåæìåòäèíîâà - ýòàï Êóáêà Ðîñ"]
[Site "Êàçàíü, "]
[Date "2012.09.26"]
[Round "1.6"]
[White "Òîðîïîâ, Ïàâåë."]
[Black "Linchevsky, Daniil"]
[Result "0-1"]
[WhiteElo "2547"]
[BlackElo "2234"]
[PlyCount "100"]
[EventDate "2013.??.??"]

1. e4 c6 2. d4 d5 3. Nc3 dxe4 4. Nxe4 Bf5 5. Ng3 Bg6 6. Nh3 e6 7. Nf4 Qc7 8.
Be3 Nf6 9. h4 Bd6 10. Qd2 Nbd7 11. O-O-O O-O-O 12. h5 Bf5 13. Bc4 Nb6 14. Bb3
Be4 15. f3 Bd5 16. Nxd5 Nbxd5 17. Bxd5 cxd5 18. Ne2 Nd7 19. Bf4 Nb6 20. Bxd6
Rxd6 21. b3 Rc6 22. Kb2 Kb8 23. c3 Nc8 24. Rc1 h6 25. g4 Nd6 26. Rc2 Rc8 27.
Rhc1 Qa5 28. Ka1 Qa3 29. g5 Nf5 30. gxh6 gxh6 31. Qf4+ Qd6 32. Qxd6+ Rxd6 33.
Rg1 Rdd8 34. Kb2 Rg8 35. Rcc1 Nh4 36. Rcf1 Rxg1 37. Rxg1 Nxf3 38. Rf1 Ng5 39.
Rf6 Rh8 40. c4 dxc4 41. bxc4 Kc7 42. d5 Kd6 43. dxe6 Ke5 44. Rf1 fxe6 45. Kc3
Ne4+ 46. Kd3 Rd8+ 47. Ke3 Nd6 48. Kd3 Nf5+ 49. Kc3 Ke4 50. Nf4 Ne3 0-1

[Event "Êóáîê Ð.Ã.Íåæìåòäèíîâà - ýòàï Êóáêà Ðîñ"]
[Site "Êàçàíü, "]
[Date "2012.09.26"]
[Round "1.9"]
[White "Äâîéðèñ, Ñåì¸í."]
[Black "Ìèðçàíóðîâ, Áóëàò."]
[Result "1/2-1/2"]
[WhiteElo "2533"]
[BlackElo "2208"]
[PlyCount "130"]
[EventDate "2013.??.??"]

1. e4 c5 2. Nf3 e6 3. d4 cxd4 4. Nxd4 a6 5. Bd3 Bc5 6. Nb3 Ba7 7. Nc3 Nc6 8.
Qe2 Nge7 9. Be3 e5 10. Bxa7 Rxa7 11. Qe3 d6 12. Nd5 Be6 13. c4 O-O 14. O-O a5
15. f4 a4 16. Nd2 exf4 17. Rxf4 Ng6 18. Rf2 Nge5 19. Be2 Ra5 20. a3 Nb8 21. Nb1
Rc5 22. Nbc3 Nxc4 23. Bxc4 Rxc4 24. Rd1 Nd7 25. Nb4 Ne5 26. h3 Nc6 27. Nbd5 Ne5
28. Qa7 f5 29. Qxb7 Rf7 30. Qb6 Qf8 31. exf5 Bxf5 32. Ne3 Rc6 33. Qd4 Be6 34.
Rxf7 Bxf7 35. Ne4 Nc4 36. Nd5 Ne5 37. Ng5 Rc4 38. Qd2 Bg6 39. Ne6 Qf7 40. Ndf4
Rc2 41. Qxd6 Nc6 42. Rf1 Bf5 43. Nd8 Qa7+ 44. Kh2 Qd4 45. Qd5+ Qxd5 46. Nxd5
Be4 47. Ne3 Re2 48. Ne6 h6 49. Rf8+ Kh7 50. Re8 Rxe3 51. Nc5 Na5 52. Rxe4 Rxe4
53. Nxe4 Nc4 54. Kg3 Nxb2 55. Nd2 Kg6 56. Kf4 Kf6 57. Ke4 Ke6 58. Kd4 Kf5 59.
g3 g5 60. Ne4 g4 61. h4 Nc4 62. Nc3 Nxa3 63. Kd3 Ke5 64. Nxa4 Nb5 65. Nc5 Nd6
1/2-1/2

[Event "Êóáîê Ð.Ã.Íåæìåòäèíîâà - ýòàï Êóáêà Ðîñ"]
[Site "Êàçàíü, "]
[Date "2012.09.26"]
[Round "1.10"]
[White "Ìàëûãèí, Àëåêñàíäð."]
[Black "Ãîãàíîâ, Àëåêñåé."]
[Result "0-1"]
[WhiteElo "2200"]
[BlackElo "2525"]
[PlyCount "70"]
[EventDate "2013.??.??"]

1. e4 c5 2. Nc3 Nc6 3. f4 g6 4. Nf3 Bg7 5. Bb5 Nd4 6. a4 e6 7. O-O Ne7 8. Nxd4
cxd4 9. Ne2 O-O 10. Bd3 Nc6 11. b3 d5 12. e5 f6 13. Ba3 Rf7 14. exf6 Qxf6 15.
Qe1 Bd7 16. Qg3 Re8 17. Rae1 Qd8 18. Bb5 Qb6 19. Kh1 a6 20. Bxc6 Qxc6 21. Qd3
e5 22. fxe5 Bf5 23. Rxf5 Rxf5 24. Nxd4 Rfxe5 25. Rf1 Qd7 26. Nf3 Rf5 27. Bc5 d4
28. b4 Qd5 29. Rd1 Qe4 30. Qc4+ Kh8 31. Kg1 Rxf3 32. gxf3 Qxf3 33. Qf1 Qg4+ 34.
Kh1 Re2 35. d3 Rxh2+ 0-1

[Event "Êóáîê Ð.Ã.Íåæìåòäèíîâà - ýòàï Êóáêà Ðîñ"]
[Site "Êàçàíü, "]
[Date "2012.09.26"]
[Round "1.11"]
[White "Savchenko, Áîðèñ."]
[Black "Èâàíîâ, Îëåã."]
[Result "1-0"]
[WhiteElo "2523"]
[BlackElo "2177"]
[PlyCount "51"]
[EventDate "2013.??.??"]

1. e4 e5 2. Nf3 Nc6 3. d4 exd4 4. Nxd4 Bc5 5. Nb3 Bb6 6. Nc3 Qf6 7. Qe2 Nge7 8.
Be3 d6 9. Bxb6 axb6 10. Nb5 Kd8 11. Nc3 Be6 12. O-O-O Bxb3 13. cxb3 Re8 14. g3
Kc8 15. f4 Ra5 16. Qd2 Kb8 17. a3 h6 18. Bc4 Rc5 19. Bb5 Rh5 20. b4 Qg6 21. Be2
Rh3 22. Bf3 Qe6 23. f5 Nxf5 24. Bg4 Qc4 25. Bxh3 Nfd4 26. Kb1 1-0

[Event "Êóáîê Ð.Ã.Íåæìåòäèíîâà - ýòàï Êóáêà Ðîñ"]
[Site "Êàçàíü, "]
[Date "2012.09.26"]
[Round "1.12"]
[White "Ñåâåðèíà, Ìàðèÿ."]
[Black "Õàñàíãàòèí, Ðàìèëü."]
[Result "1-0"]
[WhiteElo "2173"]
[BlackElo "2503"]
[PlyCount "107"]
[EventDate "2013.??.??"]

1. d4 d6 2. e4 Nf6 3. Nc3 e5 4. dxe5 dxe5 5. Qxd8+ Kxd8 6. Bg5 Be6 7. O-O-O+
Nbd7 8. f4 exf4 9. Nf3 h6 10. Bxf4 c6 11. h3 Bb4 12. Bd3 Bxc3 13. bxc3 Ke7 14.
Nd4 Nc5 15. Nf5+ Bxf5 16. exf5 Rhd8 17. g4 Kf8 18. Be5 Nfe4 19. Bd4 Nxd3+ 20.
Rxd3 c5 21. Re1 Re8 22. Bg1 b6 23. Kb2 Nf6 24. Rxe8+ Rxe8 25. Bh2 Re4 26. Rd8+
Ke7 27. Ra8 Ra4 28. Kb3 b5 29. Bb8 Nd7 30. Bg3 Nb6 31. Rb8 Kd7 32. Rb7+ Kc6 33.
Rc7+ Kd5 34. Bf2 Rc4 35. Rxf7 a5 36. Rb7 Kc6 37. Rxg7 a4+ 38. Kb2 Rf4 39. Rg6+
Kb7 40. Rxb6+ Kxb6 41. Be3 Rf3 42. Bxh6 Rxh3 43. g5 Kc6 44. g6 a3+ 45. Kc1 Rxh6
46. g7 Rh1+ 47. Kd2 Rg1 48. f6 Kd5 49. f7 Rxg7 50. f8=Q Rg2+ 51. Kd1 Rg1+ 52.
Ke2 Rb1 53. Qa8+ Kc4 54. Qf3 1-0

[Event "Êóáîê Ð.Ã.Íåæìåòäèíîâà - ýòàï Êóáêà Ðîñ"]
[Site "Êàçàíü, "]
[Date "2012.09.26"]
[Round "1.13"]
[White "Ïðåäêå, Àëåêñàíäð."]
[Black "Shaidullina, Sandugach"]
[Result "1-0"]
[WhiteElo "2496"]
[BlackElo "2162"]
[PlyCount "77"]
[EventDate "2013.??.??"]

1. e4 c5 2. Nf3 e6 3. d4 cxd4 4. Nxd4 Nf6 5. Nc3 d6 6. g4 h6 7. h3 Nc6 8. Be3
Be7 9. Bg2 Ne5 10. Qe2 g5 11. O-O-O Bd7 12. f4 gxf4 13. Bxf4 a6 14. Rhf1 Rc8
15. Kb1 Rxc3 16. bxc3 Qa5 17. Nb3 Qxc3 18. Qe3 Qb4 19. Qd4 Nc4 20. e5 Ng8 21.
exd6 Bf6 22. Qc5 Na3+ 23. Kc1 Qa4 24. Bxb7 Nb5 25. Rd3 Qxa2 26. Be5 Bg5+ 27.
Kd1 f6 28. Be4 Na3 29. Nd4 Nc4 30. Bg6+ Kf8 31. Rb3 Kg7 32. Qxc4 Kxg6 33. Nxe6
Qa5 34. Nf8+ Kg7 35. Bc3 Qd8 36. Nxd7 Qxd7 37. Qxa6 Ne7 38. Rb7 Rd8 39. Rxd7
1-0

[Event "Êóáîê Ð.Ã.Íåæìåòäèíîâà - ýòàï Êóáêà Ðîñ"]
[Site "Êàçàíü, "]
[Date "2012.09.26"]
[Round "1.14"]
[White "Âàôèí, Àéðàò."]
[Black "Èñêóñíûõ, Ñåðãåé."]
[Result "0-1"]
[WhiteElo "2161"]
[BlackElo "2486"]
[PlyCount "52"]
[EventDate "2013.??.??"]

1. c4 c5 2. Nf3 g6 3. Nc3 Bg7 4. d4 cxd4 5. Nxd4 Nc6 6. Nc2 Bxc3+ 7. bxc3 Nf6
8. Ba3 Qa5 9. Bb4 Qe5 10. Nd4 Nxb4 11. cxb4 a5 12. a3 b6 13. Rc1 O-O 14. e3
axb4 15. axb4 Bb7 16. Qb3 Ra7 17. f3 Rfa8 18. Nc2 Qg5 19. Kf2 Qh4+ 20. g3 Ng4+
21. Kg2 Bxf3+ 22. Kxf3 Qf6+ 23. Ke2 Qf2+ 24. Kd3 Ra3 25. Nxa3 Rxa3 26. Qxa3
Qxe3+ 0-1

[Event "Êóáîê Ð.Ã.Íåæìåòäèíîâà - ýòàï Êóáêà Ðîñ"]
[Site "Êàçàíü, "]
[Date "2012.09.26"]
[Round "1.15"]
[White "Òóíèê, Ãåííàäèé."]
[Black "Ãëóõîâ, Àëåêñàíäð."]
[Result "1-0"]
[WhiteElo "2456"]
[BlackElo "2150"]
[PlyCount "65"]
[EventDate "2013.??.??"]

1. d4 d5 2. c4 c6 3. Nf3 Nf6 4. Qb3 dxc4 5. Qxc4 Bf5 6. g3 e6 7. Bg2 Be7 8. O-O
O-O 9. Qb3 Qb6 10. Nbd2 Rd8 11. e3 Nbd7 12. Nc4 Qxb3 13. axb3 c5 14. Nfd2 Bd3
15. Bxb7 Rab8 16. Rxa7 Bxf1 17. Kxf1 cxd4 18. exd4 Nd5 19. Na5 Nb4 20. Ndc4 Nc5
21. Bf4 Nxb7 22. Bxb8 Nxa5 23. Nxa5 Rxb8 24. Rxe7 Kf8 25. Ra7 Rd8 26. Rb7 Nc2
27. Nc6 Rc8 28. Rb6 f6 29. b4 Rc7 30. b5 Rd7 31. Rb8+ Kf7 32. b6 Nxd4 33. Rd8
1-0

[Event "Êóáîê Ð.Ã.Íåæìåòäèíîâà - ýòàï Êóáêà Ðîñ"]
[Site "Êàçàíü, "]
[Date "2012.09.26"]
[Round "1.16"]
[White "Ìåðêóøåâ, Äìèòðèé."]
[Black "Chigaev, Maxim"]
[Result "0-1"]
[WhiteElo "2130"]
[BlackElo "2456"]
[PlyCount "63"]
[EventDate "2013.??.??"]

1. d4 Nf6 2. Bf4 g6 3. Nc3 Bg7 4. e4 d6 5. Qd2 O-O 6. O-O-O Na6 7. Be2 c5 8. d5
Qa5 9. a3 b5 10. e5 b4 11. exf6 bxc3 12. fxg7 cxd2+ 13. Bxd2 Qb6 14. gxf8=Q+
Kxf8 15. Bc3 Nc7 16. h4 Ba6 17. h5 g5 18. f4 g4 19. f5 f6 20. Rh4 Qb7 21. Bxa6
Qxa6 22. Rxg4 Qb7 23. h6 Nxd5 24. Rg7 Nxc3 25. bxc3 Qe4 26. Rxh7 Qe3+ 27. Kb2
Rb8+ 28. Ka2 Kg8 29. Rg7+ Kh8 30. Rb1 Rxb1 31. Kxb1 Qxg1+ 32. Kb2 0-1

[Event "Êóáîê Ð.Ã.Íåæìåòäèíîâà - ýòàï Êóáêà Ðîñ"]
[Site "Êàçàíü, "]
[Date "2012.09.26"]
[Round "1.17"]
[White "Èñàåâñêèé, Àíòîí."]
[Black "Zlachevsky, Leonid"]
[Result "1-0"]
[WhiteElo "2427"]
[BlackElo "2124"]
[PlyCount "55"]
[EventDate "2013.??.??"]

1. Nf3 Nf6 2. c4 e6 3. g3 d5 4. Bg2 Be7 5. O-O O-O 6. d4 b6 7. Nc3 Bb7 8. Ne5
Nbd7 9. Bf4 c5 10. Rc1 a6 11. Nxd7 Qxd7 12. Na4 Qc6 13. Bg5 Ra7 14. cxd5 exd5
15. dxc5 bxc5 16. Be3 Nd7 17. b4 Qb5 18. bxc5 Qc6 19. Nb6 Nf6 20. Nxd5 Nxd5 21.
Bxd5 Qxd5 22. c6 Bxc6 23. Qxd5 Bxd5 24. Bxa7 Bxa2 25. Bc5 Bxc5 26. Rxc5 g6 27.
Ra1 Be6 28. Rxa6 1-0

[Event "Êóáîê Ð.Ã.Íåæìåòäèíîâà - ýòàï Êóáêà Ðîñ"]
[Site "Êàçàíü, "]
[Date "2012.09.26"]
[Round "1.18"]
[White "Ñàðàíà, Àëåêñåé."]
[Black "Ëîñêóòîâ, Îëåã."]
[Result "0-1"]
[WhiteElo "2118"]
[BlackElo "2422"]
[PlyCount "159"]
[EventDate "2013.??.??"]

1. e4 c5 2. Nf3 d6 3. d4 cxd4 4. Nxd4 Nf6 5. Nc3 a6 6. Be3 e5 7. Nb3 Be7 8. Qd2
Be6 9. O-O-O Ng4 10. g3 Nd7 11. f4 Nxe3 12. Qxe3 Rc8 13. Kb1 O-O 14. f5 Bc4 15.
Bxc4 Rxc4 16. Nd5 Nf6 17. Nxf6+ Bxf6 18. h4 Qc7 19. c3 a5 20. Rd5 a4 21. Nd2
Rc5 22. a3 Ra8 23. Qd3 Be7 24. Rd1 Rc8 25. Nf1 Rxd5 26. Qxd5 Qb6 27. Ka1 Rc6
28. Qd2 Qg1 29. Qe3 Qg2 30. Nd2 d5 31. Rg1 d4 32. cxd4 exd4 33. Qe1 Qh3 34. Nf3
d3 35. Qe3 Bc5 36. Qxd3 h6 37. Re1 Qxg3 38. e5 Qg4 39. e6 fxe6 40. fxe6 Be7 41.
Qd7 Bf6 42. Qf7+ Kh7 43. e7 Qxf3 44. Qxf6 Qxf6 45. e8=Q Qxh4 46. Rf1 Qg4 47.
Qe7 b5 48. Qa7 Rd6 49. Qc5 Rd1+ 50. Rxd1 Qxd1+ 51. Ka2 Qd3 52. Qh5 g6 53. Qe5
Qd7 54. Qf6 h5 55. Qg5 Qf7+ 56. Ka1 Qf1+ 57. Ka2 Qc4+ 58. Ka1 h4 59. Qe7+ Kh6
60. Qe3+ g5 61. Qe8 Qd3 62. Qh8+ Kg6 63. Ka2 h3 64. Ka1 g4 65. Qg8+ Kh5 66.
Qh8+ Kg5 67. Qe5+ Kh4 68. Qf4 Qf3 69. Qd6 Qf1+ 70. Ka2 Qc4+ 71. Ka1 Qf1+ 72.
Ka2 Qe2 73. Qh6+ Kg3 74. Qd6+ Kg2 75. Qd5+ Kh2 76. Qd6+ g3 77. Qb8 Kg2 78. Qb7+
Kg1 79. Qb6+ Qf2 80. Qxb5 0-1

[Event "Êóáîê Ð.Ã.Íåæìåòäèíîâà - ýòàï Êóáêà Ðîñ"]
[Site "Êàçàíü, "]
[Date "2012.09.26"]
[Round "1.19"]
[White "Ñìèðíîâ, Àëåêñåé."]
[Black "Åëåöêèé, Èâàí."]
[Result "1-0"]
[WhiteElo "2420"]
[BlackElo "2099"]
[PlyCount "77"]
[EventDate "2013.??.??"]

1. d4 d5 2. Nf3 c6 3. c4 e6 4. Nc3 dxc4 5. g3 b5 6. Bg2 Bb7 7. O-O Nd7 8. e4
Ngf6 9. e5 Nd5 10. Ng5 Bb4 11. Qh5 g6 12. Qg4 N7b6 13. Nce4 h6 14. Nc5 hxg5 15.
Nxb7 Qe7 16. Nc5 Bxc5 17. Bxg5 Qf8 18. dxc5 Qxc5 19. Rad1 Kf8 20. h4 a5 21. Be4
Nd7 22. Qe2 Re8 23. Bf3 Rh7 24. Qe4 Kg7 25. Kg2 Qb4 26. Rd2 c3 27. Rd4 Qxb2 28.
h5 Nf8 29. a4 Qa3 30. axb5 cxb5 31. Qd3 Nc7 32. hxg6 Nxg6 33. Bf6+ Kg8 34. Bc6
Rf8 35. Rg4 Rh6 36. Rh1 Kh7 37. Rxh6+ Kxh6 38. Qe3+ Kh7 39. Qg5 1-0

[Event "Êóáîê Ð.Ã.Íåæìåòäèíîâà - ýòàï Êóáêà Ðîñ"]
[Site "Êàçàíü, "]
[Date "2012.09.26"]
[Round "1.21"]
[White "Sharafiev, Àçàò."]
[Black "Òðàïåçíèêîâà, Äàðüÿ."]
[Result "1-0"]
[WhiteElo "2414"]
[BlackElo "2069"]
[PlyCount "43"]
[EventDate "2013.??.??"]

1. Nf3 d5 2. c4 c6 3. e3 e6 4. d4 f5 5. g4 Nf6 6. gxf5 exf5 7. Nc3 Be6 8. Ng5
Bg8 9. Qf3 Ne4 10. h4 Nxc3 11. bxc3 Qa5 12. Qxf5 Nd7 13. Bh3 O-O-O 14. Bd2 h6
15. Ne6 Bxe6 16. Qxe6 Ba3 17. Rb1 Rhe8 18. Qg6 Re7 19. c5 Qa6 20. Rg1 Qc4 21.
Qc2 Kb8 22. Bf1 1-0

[Event "Êóáîê Ð.Ã.Íåæìåòäèíîâà - ýòàï Êóáêà Ðîñ"]
[Site "Êàçàíü, "]
[Date "2012.09.26"]
[Round "1.22"]
[White "Ñàçîíîâà, Àíàñòàñèÿ."]
[Black "Âëàñåíêî, Ìèðîñëàâ."]
[Result "0-1"]
[WhiteElo "2067"]
[BlackElo "2400"]
[PlyCount "80"]
[EventDate "2013.??.??"]

1. e4 Nc6 2. Nc3 e6 3. Nf3 Bb4 4. d4 Bxc3+ 5. bxc3 d6 6. Bd3 Nge7 7. O-O Ng6 8.
Re1 O-O 9. e5 Nce7 10. Ng5 h6 11. Nh3 dxe5 12. dxe5 Qd5 13. Qh5 f5 14. Ba3 Bd7
15. c4 Qa5 16. Bb2 Be8 17. Qf3 Bc6 18. Qg3 Rad8 19. Nf4 Nxf4 20. Qxf4 Be4 21.
Qg3 f4 22. Qh3 Bf5 23. Qf3 Nc6 24. Be4 Bxe4 25. Rxe4 Qd2 26. Qc3 f3 27. g3 Rf7
28. Re3 Qxc3 29. Bxc3 g5 30. Rd3 Rxd3 31. cxd3 Rd7 32. Rd1 g4 33. Kf1 Kf7 34.
Ke1 Kg6 35. Kd2 Kf5 36. Re1 Ne7 37. Re4 Ng6 38. Ke3 h5 39. d4 c6 40. Bb4 b5 0-1

[Event "Êóáîê Ð.Ã.Íåæìåòäèíîâà - ýòàï Êóáêà Ðîñ"]
[Site "Êàçàíü, "]
[Date "2012.09.26"]
[Round "1.23"]
[White "Ìàõìóòîâ, Ðàèëü."]
[Black "Øêóðî, Àëåêñàíäð."]
[Result "1-0"]
[WhiteElo "2399"]
[BlackElo "2030"]
[PlyCount "67"]
[EventDate "2013.??.??"]

1. d4 d5 2. c4 e6 3. Nc3 Nf6 4. cxd5 exd5 5. Bg5 Be7 6. e3 O-O 7. Qc2 c6 8. Bd3
h6 9. Bh4 Re8 10. Nge2 Nbd7 11. f3 Nf8 12. O-O N6h7 13. Bxe7 Qxe7 14. e4 dxe4
15. fxe4 Bg4 16. Ng3 Rad8 17. Qf2 Qf6 18. Bc4 Qxf2+ 19. Rxf2 Nf6 20. e5 Rxd4
21. exf6 Rxc4 22. h3 Bc8 23. fxg7 Kxg7 24. Nh5+ Kg6 25. Nf6 Re5 26. Raf1 Rf5
27. Ne8 Rxf2 28. Rxf2 Be6 29. Ne2 Kg5 30. Nd6 Rb4 31. Nxf7+ Bxf7 32. Rxf7 Rxb2
33. Nd4 Ng6 34. Nf3+ 1-0

[Event "Êóáîê Ð.Ã.Íåæìåòäèíîâà - ýòàï Êóáêà Ðîñ"]
[Site "Êàçàíü, "]
[Date "2012.09.26"]
[Round "1.24"]
[White "Áàêóíèí, Äàìèð."]
[Black "ßíäåìèðîâ, Âàëåðèé."]
[Result "0-1"]
[WhiteElo "2024"]
[BlackElo "2398"]
[PlyCount "42"]
[EventDate "2013.??.??"]

1. e4 e5 2. Nf3 Nc6 3. Bb5 a6 4. Bxc6 dxc6 5. O-O f6 6. d4 exd4 7. Qxd4 Qxd4 8.
Nxd4 Bd7 9. Bf4 O-O-O 10. Nc3 Ne7 11. Bg3 Ng6 12. Rad1 Bb4 13. Nde2 Be6 14. a3
Bc5 15. b4 Bb6 16. Nf4 Bc4 17. Nxg6 hxg6 18. Rfe1 Bd4 19. Na4 Bb5 20. c3 Be5
21. Bxe5 Rxd1 0-1

[Event "Êóáîê Ð.Ã.Íåæìåòäèíîâà - ýòàï Êóáêà Ðîñ"]
[Site "Êàçàíü, "]
[Date "2012.09.26"]
[Round "1.25"]
[White "Ïîíôèëåíîê, Âëàäèìèð."]
[Black "Ìóðòàçèí, Áóëàò."]
[Result "1-0"]
[WhiteElo "2392"]
[BlackElo "2012"]
[PlyCount "47"]
[EventDate "2013.??.??"]

1. d4 Nf6 2. Nf3 e6 3. g3 c5 4. c4 d5 5. Bg2 Nc6 6. O-O Be7 7. dxc5 O-O 8. Nbd2
Bxc5 9. a3 a5 10. Qc2 d4 11. Nb3 Ba7 12. Bf4 Nh5 13. Rad1 a4 14. Nbxd4 Nxd4 15.
Nxd4 Bxd4 16. Qe4 Nxf4 17. gxf4 Bxf2+ 18. Kxf2 Qf6 19. Qd4 Qh6 20. Kg1 Ra5 21.
Qb6 Ra6 22. Qc7 e5 23. fxe5 Rg6 24. Qxf7+ 1-0

[Event "Êóáîê Ð.Ã.Íåæìåòäèíîâà - ýòàï Êóáêà Ðîñ"]
[Site "Êàçàíü, "]
[Date "2012.09.26"]
[Round "1.27"]
[White "Ayupov, Äàìèð."]
[Black "Yusipov, Tabris"]
[Result "1-0"]
[WhiteElo "2362"]
[BlackElo "1954"]
[PlyCount "55"]
[EventDate "2013.??.??"]

1. d4 Nf6 2. c4 e6 3. Nf3 d5 4. Nc3 c6 5. e3 Be7 6. b3 O-O 7. Bd3 b6 8. O-O
Nbd7 9. Bb2 Bb7 10. Qe2 c5 11. cxd5 Nxd5 12. Rfd1 Nxc3 13. Bxc3 Bxf3 14. Qxf3
cxd4 15. Bxd4 Bf6 16. Qh3 g6 17. Bb5 Nc5 18. Bxc5 Bxa1 19. Rxd8 Rfxd8 20. Ba3
Rd1+ 21. Bf1 Rad8 22. Qh4 R8d7 23. g3 Kg7 24. Kg2 R1d2 25. Bb5 Rc7 26. Qb4 Rd8
27. Bc4 Rc5 28. Qe1 1-0

[Event "Êóáîê Ð.Ã.Íåæìåòäèíîâà - ýòàï Êóáêà Ðîñ"]
[Site "Êàçàíü, "]
[Date "2012.09.26"]
[Round "1.28"]
[White "Ðóìÿíöåâà, Êñåíèÿ."]
[Black "Ïàñèåâ, Ðàõèì."]
[Result "0-1"]
[WhiteElo "1913"]
[BlackElo "2333"]
[PlyCount "48"]
[EventDate "2013.??.??"]

1. e4 c5 2. Nf3 Nc6 3. d4 cxd4 4. Nxd4 g6 5. c4 Nf6 6. Nc3 d6 7. Be3 Ng4 8. Bg5
Qb6 9. h3 Qxb2 10. Nde2 Bg7 11. Rc1 Nge5 12. Nd5 O-O 13. f4 f6 14. Bh4 Nf7 15.
Rc2 Qa3 16. Nec3 g5 17. Bg3 f5 18. Qc1 Nd4 19. Rb2 e6 20. Ne7+ Kh8 21. Nxc8
Raxc8 22. Rb1 Qa5 23. Bd3 fxe4 24. Bf1 Nf5 0-1

[Event "34 Nezhmetdimov Cup"]
[Site "Êàçàíü, "]
[Date "2012.09.27"]
[Round "2.1"]
[White "Isajevsky, Anton"]
[Black "Burmakin, Vladimir"]
[Result "1/2-1/2"]
[WhiteElo "2427"]
[BlackElo "2596"]
[PlyCount "41"]
[EventDate "2013.??.??"]

1. d4 d5 2. c4 c6 3. Nc3 Nf6 4. e3 a6 5. Qc2 b5 6. cxd5 cxd5 7. Bd2 e6 8. Rc1
Bb7 9. Nf3 Bd6 10. Bd3 O-O 11. O-O Nbd7 12. Rfd1 h6 13. Be1 Qe7 14. Qe2 Rfc8
15. Nb1 Nb6 16. Rxc8+ Rxc8 17. Rd2 Rc1 18. Rd1 Rc8 19. Rd2 Rc1 20. Rd1 Rc8 21.
Rd2 1/2-1/2

[Event "34 Nezhmetdimov Cup"]
[Site "Êàçàíü, "]
[Date "2012.09.27"]
[Round "2.3"]
[White "Loskutov, Oleg"]
[Black "Grigoriants, Sergey"]
[Result "0-1"]
[WhiteElo "2422"]
[BlackElo "2578"]
[PlyCount "56"]
[EventDate "2013.??.??"]

1. e4 c5 2. Nf3 e6 3. d4 cxd4 4. Nxd4 Nf6 5. Nc3 d6 6. Be2 Be7 7. O-O O-O 8. f4
Nc6 9. Be3 e5 10. Nxc6 bxc6 11. Kh1 exf4 12. Bxf4 Be6 13. Bf3 Qb8 14. b3 Nd7
15. Bg4 Qb4 16. Bxe6 fxe6 17. Qg4 Rf6 18. Rf3 Raf8 19. Raf1 Qd4 20. h3 Rg6 21.
Qh5 Rxf4 22. Rxf4 Qxc3 23. Rf7 Rf6 24. Rf3 Rxf3 25. Rxf3 Qa1+ 26. Kh2 Qe5+ 27.
Qxe5 Nxe5 28. Re3 a5 0-1

[Event "34 Nezhmetdimov Cup"]
[Site "Êàçàíü, "]
[Date "2012.09.27"]
[Round "2.4"]
[White "Arslanov, Shamil"]
[Black "Frolyanov, Dmitry"]
[Result "0-1"]
[WhiteElo "2416"]
[BlackElo "2560"]
[PlyCount "46"]
[EventDate "2013.??.??"]

1. d4 d5 2. c4 e6 3. Nc3 c6 4. e4 dxe4 5. Nxe4 Bb4+ 6. Bd2 Qxd4 7. Bxb4 Qxe4+
8. Be2 Na6 9. Ba5 b6 10. Qd6 Bd7 11. Bc3 f6 12. Nf3 Nh6 13. O-O-O Nc5 14. Rhe1
O-O-O 15. b4 Nb7 16. Qd2 c5 17. Bd3 Qg4 18. b5 e5 19. a4 Bf5 20. h3 Qxg2 21.
Nh4 Qxh3 22. Qxh6 Rxd3 23. Rxd3 Qxd3 0-1

[Event "34 Nezhmetdimov Cup"]
[Site "Êàçàíü, "]
[Date "2012.09.27"]
[Round "2.5"]
[White "Lintchevski, Daniil"]
[Black "Sharafiev, Azat"]
[Result "1/2-1/2"]
[WhiteElo "2554"]
[BlackElo "2414"]
[PlyCount "28"]
[EventDate "2013.??.??"]

1. c4 c5 2. Nc3 Nc6 3. Nf3 g6 4. e3 Nf6 5. d4 cxd4 6. exd4 d5 7. cxd5 Nxd5 8.
Qb3 e6 9. Bg5 Be7 10. Bh6 Bf8 11. Bg5 Be7 12. Bh6 Bf8 13. Bg5 Be7 14. Bh6 Bf8
1/2-1/2